<?xml version="1.0" encoding="UTF-8"?><?xml-stylesheet type="text/xsl" href="static/style.xsl"?><OAI-PMH xmlns="http://www.openarchives.org/OAI/2.0/" xmlns:xsi="http://www.w3.org/2001/XMLSchema-instance" xsi:schemaLocation="http://www.openarchives.org/OAI/2.0/ http://www.openarchives.org/OAI/2.0/OAI-PMH.xsd"><responseDate>2026-04-17T18:43:27Z</responseDate><request verb="GetRecord" identifier="oai:www.recercat.cat:2072/378454" metadataPrefix="marc">https://recercat.cat/oai/request</request><GetRecord><record><header><identifier>oai:recercat.cat:2072/378454</identifier><datestamp>2026-04-10T19:55:34Z</datestamp><setSpec>com_2072_98</setSpec><setSpec>col_2072_378192</setSpec></header><metadata><record xmlns="http://www.loc.gov/MARC21/slim" xmlns:dcterms="http://purl.org/dc/terms/" xmlns:xsi="http://www.w3.org/2001/XMLSchema-instance" xmlns:doc="http://www.lyncode.com/xoai" xsi:schemaLocation="http://www.loc.gov/MARC21/slim http://www.loc.gov/standards/marcxml/schema/MARC21slim.xsd">
   <leader>00925njm 22002777a 4500</leader>
   <datafield ind2=" " ind1=" " tag="042">
      <subfield code="a">dc</subfield>
   </datafield>
   <datafield ind2=" " ind1=" " tag="720">
      <subfield code="a">Noguera, Jose A.</subfield>
      <subfield code="e">author</subfield>
   </datafield>
   <datafield ind2=" " ind1=" " tag="720">
      <subfield code="a">Universitat Autònoma de Barcelona. SGR-Grup de Recerca de Sociologia Analítica y Diseño Institucional</subfield>
      <subfield code="e">author</subfield>
   </datafield>
   <datafield ind2=" " ind1=" " tag="260">
      <subfield code="c">2003</subfield>
   </datafield>
   <datafield ind2=" " ind1=" " tag="520">
      <subfield code="a">Los puntos de vista individualistas y holistas se han opuesto durante mucho tiempo a la teoría social. El presente artículo trata de definir con claridad y explorar con detalle las implicaciones teóricas del individualismo metodológico (IM), con el fin de argumentar que los científicos sociales deberían adoptarlo como un correctivo antimetafísico. Un primer paso será, entonces, delimitar con precisión a qué podemos referirnos cuando hablamos de IM, para ello, se pasa revista a varias connotaciones posibles que se han asociado a ese término y que deberían descartarse como inadecuadas. Seguidamente, se exploran algunas implicaciones del IM: en concreto, el tipo de explicaciones que considera legítimas, el tipo de sujetos cuya existencia admite, la posibilidad de la libertad o la cuestión de la cosificación y la utopía. Finalmente, se abordan algunas críticas al IM, discutiendo hasta qué punto socavan la plausibilidad e inteligibilidad de este supuesto.</subfield>
   </datafield>
   <datafield ind2=" " ind1=" " tag="520">
      <subfield code="a">Individualistic and holistic views have been opposing each other for a long time in social theory. This article aims to define clearly and to explore in some detail the theoretical implications of methodological individualism (MI), in order to argue that sociologists should accept it as an anti-metaphysical device. A first step is, therefore, to delimit precisely what are we referring to when we speak of MI: several possible meanings which have been usually associated to that term are reviewed and rejected as misleading ones. Next, some implications of MI for social theory are explored, namely which kind of explanations should be considered as legitimate ones, which kind of subjects should be regarded as real ones, the possibility of freedom, or the issue of reification and utopian thinking. Finally, some criticisms to MI are addressed, and it is discussed to what extent do they undermine the intelligibility and tenability of this assumption.</subfield>
   </datafield>
   <datafield tag="653" ind2=" " ind1=" ">
      <subfield code="a">Individualismo metodológico</subfield>
   </datafield>
   <datafield tag="653" ind2=" " ind1=" ">
      <subfield code="a">Holismo</subfield>
   </datafield>
   <datafield tag="653" ind2=" " ind1=" ">
      <subfield code="a">Teoría social</subfield>
   </datafield>
   <datafield tag="653" ind2=" " ind1=" ">
      <subfield code="a">Methodological individualism</subfield>
   </datafield>
   <datafield tag="653" ind2=" " ind1=" ">
      <subfield code="a">Holism</subfield>
   </datafield>
   <datafield tag="653" ind2=" " ind1=" ">
      <subfield code="a">Social theory</subfield>
   </datafield>
   <datafield ind2="0" ind1="0" tag="245">
      <subfield code="a">¿Quién teme al individualismo metodológico? : un análisis de sus implicaciones para la teoría social</subfield>
   </datafield>
</record></metadata></record></GetRecord></OAI-PMH>